00637nam a22001697a 4500003000900000008004100009040007100050082002000121100003500141245004000176260001100216300004300227505013600270650002300406650001000429650002800439AR-CdUCM190429b           ||||| |||| 00| 0 eng d  aMUNICIPALIDAD PROVINCIAL DEL CUSCOcBIBLIOTECA MUNICIPAL DEL CUSCO  a910.201 /bOR61  aOrbegoso Villasante, Carlos E.  aCusco Turístico :bPocket Guide /  aCusco.  a24 páginas ;bfotografías,c20 cm.  aContenido: Welcome to Perú -- Cuzco -- Land of the Incas -- Principal Sights in Cuzco -- Churches -- City Tour -- Machupicchu ...  aGuía Turística  aCusco  aCentros Arqueológicos